[Event "Eurasia Open Cup 2018"]
[Site "Jekaterienburg"]
[Date "2018.08.03"]
[Round "3"]
[White "Sarana, Alexey"]
[Black "Drygalov, Andrey"]
[Result "1-0"]
[WhiteElo "2613"]
[BlackElo "2450"]
[Annotator "RC"]
[PlyCount "115"]
[EventDate "2018.08.01"]
[EventType "swiss"]
[EventCountry "RUS"]
[SourceTitle "playchess.com"]
[Source "ChessBase"]
[SourceQuality "1"]
[TimeControl "5400+30"]

1. d4 {[%emt 0:00:00]} Nf6 {[%emt 0:00:00]} 2. c4 {[%emt 0:00:00]} e6 {[%emt 0:00:00]} 3. Nf3 {[%emt 0:00:00]} d5 {[%emt 0:00:00]} 4. Nc3 {[%emt 0:03:05]} c5 {[%emt 0:00:00]} 5. cxd5 {[%emt 0:04:46]} Nxd5 {[%emt 0:00:50]} 6. g3 {[%emt 0:00:00]} Nc6 {[%emt 0:00:00]} 7. Bg2 {[%emt 0:00:00]} Nxc3 {[%emt 0:00:13]} 8. bxc3 {[%emt 0:00:00]} cxd4 {[%emt 0:05:38]} 9. cxd4 {[%emt 0:00:22]} Bb4+ {[%emt 0:01:56]} 10. Bd2 {[%emt 0:00:13]} Bxd2+ {[%emt 0:03:08]} 11. Qxd2 {[%emt 0:00:15]} O-O {[%emt 0:02:02]} 12. O-O {[%emt 0:00:06]} Qd6 {[%emt 0:04:06]} 13. Qf4 {[%emt 0:07:57]} Qxf4 {[%emt 0:07:53]} 14. gxf4 {[%emt 0:00:00]} Rd8 {[%emt 0:00:40]} 15. e3 {[%emt 0:18:12]} Bd7 {[%emt 0:07:33]} 16. Nd2 {[%emt 0:09:54]} Rac8 {[%emt 0:06:13]} 17. Ne4 {[%emt 0:00:53]} Be8 {[%emt 0:05:57]} 18. Rfc1 {[%emt 0:00:59]} b6 {[%emt 0:03:06]} 19. Rc3 {[%emt 0:15:30]} Ne7 {[%emt 0:05:10]} 20. Rxc8 {[%emt 0:01:32]} Nxc8 {[%emt 0:07:07]} 21. a4 {[%emt 0:01:23]} a5 {[%emt 0:03:51]} 22. Nc3 {[%emt 0:04:46]} Nd6 {[%emt 0:07:16]} 23. Rb1 {[%emt 0:00:09]} Nc4 {[%emt 0:07:09]} 24. Bb7 {[%emt 0:00:00]} Rb8 {[%emt 0:03:37]} 25. Ba6 {[%emt 0:01:04]} Nd6 {[%emt 0:00:11]} 26. Kf1 {[%emt 0:00:00]} Kf8 {[%emt 0:03:35]} 27. Ke2 {[%emt 0:00:42]} Bc6 {[%emt 0:00:58]} 28. Bd3 {[%emt 0:00:00]} Ke7 {[%emt 0:03:47]} 29. e4 {[%emt 0:00:26]} g6 {[%emt 0:01:45]} 30. f3 {[%emt 0:01:18]} Ne8 {[%emt 0:03:10]} 31. Ke3 {[%emt 0:00:00]} Nd6 {[%emt 0:01:34]} 32. h4 {[%emt 0:00:51]} h5 {[%emt 0:00:12]} 33. Rg1 {[%emt 0:02:41]} Rc8 {[%emt 0:00:33]} 34. Kd2 {[%emt 0:01:06]} Rd8 {[%emt 0:00:49]} 35. Re1 {[%emt 0:02:05]} Kf8 {[%emt 0:00:42]} 36. Rb1 {[%emt 0:04:12]} Rb8 {[%emt 0:00:06]} 37. Be2 {[%emt 0:01:54]} Ke7 {[%emt 0:00:19]} 38. Ke3 {[%emt 0:00:08]} Kd8 {[%emt 0:01:46]} 39. f5 {[%emt 0:02:52]} gxf5 {[%emt 0:01:16]} 40. e5 {[%emt 0:00:00]} Nc8 {[%emt 0:00:27]} 41. f4 {[%emt 0:00:33]} Ne7 {[%emt 0:00:15]} 42. Bxh5 {[%emt 0:00:03]} Ng6 {[%emt 0:00:58]} 43. Bxg6 {[%emt 0:05:21]} fxg6 {[%emt 0:00:05]} 44. Rg1 {[%emt 0:00:03]} Be8 {[%emt 0:00:27]} 45. d5 {[%emt 0:00:05]} exd5 {[%emt 0:00:15]} 46. Kd4 {[%emt 0:00:03]} Bf7 {[%emt 0:04:27]} 47. Nb5 {[%emt 0:00:29]} Ke7 {[%emt 0:01:36]} 48. Rc1 {[%emt 0:00:51]} Be6 {[%emt 0:00:39]} 49. Rc7+ {[%emt 0:00:28]} Kf8 {[%emt 0:00:06]} 50. Ra7 {[%emt 0:02:00]} Rc8 {[%emt 0:00:39]} 51. Nc7 {[%emt 0:00:27]} Bd7 {[%emt 0:00:13]} 52. e6 {[%emt 0:00:32]} Bxa4 {[%emt 0:00:00]} 53. Nxd5 {[%emt 0:00:07]} Be8 {[%emt 0:00:48]} 54. Rh7 {[%emt 0:00:35]} Rc6 {[%emt 0:00:37]} 55. Rh8+ {[%emt 0:00:05]} Kg7 {[%emt 0:00:32]} 56. Rxe8 {[%emt 0:00:00]} a4 {[%emt 0:00:19]} 57. e7 {[%emt 0:00:10]} Re6 {[%emt 0:00:00]} 58. Ra8 {[%emt 0:00:05]} 1-0

[Event "Eurasia Open Cup 2018"]
[Site "Jekaterienburg"]
[Date "2018.08.03"]
[Round "3"]
[White "Timofeev, Artyom"]
[Black "Rudometov, Maxim"]
[Result "1-0"]
[WhiteElo "2590"]
[BlackElo "2279"]
[Annotator "ChessBase"]
[PlyCount "81"]
[EventDate "2018.08.01"]
[EventType "swiss"]
[EventCountry "RUS"]
[SourceTitle "playchess.com"]
[Source "ChessBase"]
[SourceQuality "1"]
[TimeControl "5400+30"]

1. d4 {[%emt 0:00:00]} Nf6 {[%emt 0:00:27]} 2. c4 {[%emt 0:00:08]} e6 {[%emt 0:00:10]} 3. Nc3 {[%emt 0:01:36]} d5 {[%emt 0:00:51]} 4. cxd5 {[%emt 0:00:36]} Nxd5 {[%emt 0:00:30]} 5. e3 {[%emt 0:01:40]} Nxc3 {[%emt 0:07:06]} 6. bxc3 {[%emt 0:00:14]} Be7 {[%emt 0:00:32]} 7. Bd3 {[%emt 0:01:05]} Nd7 {[%emt 0:02:23]} 8. Nf3 {[%emt 0:00:55]} O-O {[%emt 0:02:49]} 9. Qc2 {[%emt 0:02:15]} h6 {[%emt 0:02:51]} 10. O-O {[%emt 0:00:22]} b6 {[%emt 0:02:17]} 11. e4 {[%emt 0:00:39]} Bb7 {[%emt 0:01:48]} 12. Bf4 {[%emt 0:00:21]} c5 {[%emt 0:03:30]} 13. Qd2 {[%emt 0:00:37]} Re8 {[%emt 0:02:10]} 14. Rfe1 {[%emt 0:03:35]} Bf8 {[%emt 0:04:35]} 15. Rad1 {[%emt 0:05:07]} cxd4 {[%emt 0:12:12]} 16. cxd4 {[%emt 0:00:48]} Rc8 {[%emt 0:02:03]} 17. h3 {[%emt 0:02:19]} Qe7 {[%emt 0:07:23]} 18. Rb1 {[%emt 0:12:10]} Red8 {[%emt 0:07:30]} 19. Qe2 {[%emt 0:00:25]} Rc3 {[%emt 0:07:45]} 20. Bd2 {[%emt 0:02:07]} Rc7 {[%emt 0:01:10]} 21. a4 {[%emt 0:00:09]} e5 {[%emt 0:11:29]} 22. d5 {[%emt 0:01:10]} Qf6 {[%emt 0:00:11]} 23. Nh2 {[%emt 0:03:03]} Qg6 {[%emt 0:04:44]} 24. a5 {[%emt 0:02:42]} Nc5 {[%emt 0:03:20]} 25. Bc4 {[%emt 0:05:44]} Bc8 {[%emt 0:05:28]} 26. Ng4 {[%emt 0:00:12]} Bxg4 {[%emt 0:01:14]} 27. hxg4 {[%emt 0:00:42]} Nd7 {[%emt 0:00:14]} 28. Rb3 {[%emt 0:00:27]} Bc5 {[%emt 0:00:55]} 29. Rg3 {[%emt 0:03:20]} Bd4 {[%emt 0:02:42]} 30. g5 {[%emt 0:01:59]} Nf6 {[%emt 0:01:58]} 31. Bb3 {[%emt 0:02:27]} Nh7 {[%emt 0:00:23]} 32. Rd3 {[%emt 0:08:02]} hxg5 {[%emt 0:01:28]} 33. g3 {[%emt 0:01:38]} Nf6 {[%emt 0:00:58]} 34. g4 {[%emt 0:02:24]} Nd7 {[%emt 0:01:08]} 35. Rh3 {[%emt 0:02:26]} Nc5 {[%emt 0:00:04]} 36. Ba2 {[%emt 0:00:13]} Qxe4 {[%emt 0:00:20]} 37. Qxe4 {[%emt 0:01:21]} Nxe4 {[%emt 0:00:04]} 38. Rxe4 {[%emt 0:00:04]} Rc2 {[%emt 0:00:03]} 39. Bxg5 {[%emt 0:00:08]} f6 {[%emt 0:00:24]} 40. Bb3 {[%emt 0:00:26]} Rb2 {[%emt 0:00:53]} 41. Bc1 {[%emt 0:00:20]} 1-0

[Event "Eurasia Open Cup 2018"]
[Site "Jekaterienburg"]
[Date "2018.08.03"]
[Round "3"]
[White "Rozum, Ivan"]
[Black "Kopylov, Alexander A"]
[Result "1-0"]
[WhiteElo "2581"]
[BlackElo "2421"]
[Annotator "TA"]
[PlyCount "95"]
[EventDate "2018.08.01"]
[EventType "swiss"]
[EventCountry "RUS"]
[SourceTitle "playchess.com"]
[Source "ChessBase"]
[SourceQuality "1"]

{[%evp 16,95,47,46,51,61,56,39,61,36,35,34,51,30,35,24,36,14,10,11,33,27,45,45,63,56,68,37,67,35,36,39,106,98,97,98,94,94,98,103,115,115,115,115,112,105,103,102,142,132,135,137,156,153,147,144,192,173,188,191,215,215,215,215,211,208,211,208,208,208,202,201,439,427,557,527,487,376,1544,887,1544,745]} 1. c4 Nf6 2. Nc3 d5 3. cxd5 Nxd5 4. Nf3 g6 5. Qc2 (5. e4 Nxc3 6. dxc3 Qxd1+ 7. Kxd1 f6 8. Be3 e5 9. Nd2 Nd7 10. Nb3 h5 11. f3 Nb6 12. Kc2 Bd7 13. Nc5 Bc6 14. b3 Bh6 15. Bxh6 Rxh6 16. a4 Ke7 17. Bb5 {½-½ (38) So,W (2778)-Aronian,L (2764) Leuven 2018}) 5... Bg7 6. e4 {A16: English Opening: 1...Nf6 with ...d5} Nxc3 7. dxc3 c5 8. Bf4 Nc6 9. Be2 {LiveBook: 3 Games} Qa5 10. O-O O-O 11. a3 $146 ({Predecessor:} 11. Nd2 Be6 12. Be3 Rfc8 {½-½ (61) Malakhatko,V (2532)-Massoni,M (2341) Calvi 2012}) 11... Bg4 12. Qb3 Bxf3 13. Bxf3 Ne5 14. Be2 Qc7 15. g3 Rfd8 16. Rfd1 Qc6 17. Qc2 h6 18. a4 e6 19. Be3 $36 {[%mdl 2048] White is more active.} Bf8 20. f4 Nd7 21. b3 c4 22. Bxc4 Nf6 23. e5 Ng4 ({Black should try} 23... Bc5 $14 24. Bxc5 Qxc5+ 25. Qf2 Qxf2+ 26. Kxf2 Ne4+ 27. Ke3 Nxc3 28. Rxd8+ Rxd8) 24. Bd4 $16 Rxd4 25. cxd4 {[#] Strongly threatening Qe2.} Ne3 26. Qd2 Nxd1 27. Rxd1 ({But not} 27. Qxd1 $6 Rd8 $11) 27... Qf3 28. Qd3 Qxd3 29. Rxd3 {[%mdl 4096] Endgame KRB-KRB} Rd8 30. Kf2 h5 31. h3 a5 32. Kf3 Ba3 33. Ke4 Kf8 34. d5 exd5+ 35. Bxd5 b6 36. g4 hxg4 37. hxg4 Kg7 38. f5 f6 39. exf6+ Kxf6 {[#]} 40. g5+ $1 {[%mdl 512]} Kxg5 41. Rg3+ Kh4 42. Rxg6 Re8+ 43. Be6 Bc5 $2 (43... Kh5 {might work better.} 44. Rg2 Rf8) 44. Ke5 $18 Rd8 45. f6 {[%cal Bf5f6,Bf6f7][%mdl 32]} Rd2 46. f7 Rd8 $2 (46... Rf2 47. Rg4+ Kh5) 47. Rg8 Rf8 48. Ke4 {Precision: White = 77%, Black = 43%.} (48. Kf6 $142 Bd4+ 49. Kg6 Rxf7 50. Kxf7) 1-0

[Event "Eurasia Open Cup 2018"]
[Site "Jekaterienburg"]
[Date "2018.08.03"]
[Round "3"]
[White "Pridorozhni, Aleksei"]
[Black "Looshnikov, Nikolai"]
[Result "1-0"]
[WhiteElo "2564"]
[BlackElo "2404"]
[Annotator "ChessBase"]
[PlyCount "101"]
[EventDate "2018.08.01"]
[EventType "swiss"]
[EventCountry "RUS"]
[SourceTitle "playchess.com"]
[Source "ChessBase"]
[SourceQuality "1"]
[TimeControl "5400+30"]

1. e4 {[%emt 0:03:42]} e6 {[%emt 0:00:00]} 2. d4 {[%emt 0:00:42]} d5 {[%emt 0:00:00]} 3. Nc3 {[%emt 0:00:00]} Nf6 {[%emt 0:00:00]} 4. Bg5 {[%emt 0:00:00]} dxe4 {[%emt 0:00:13]} 5. Nxe4 {[%emt 0:00:00]} Nbd7 {[%emt 0:00:06]} 6. Nf3 {[%emt 0:00:00]} Be7 {[%emt 0:00:00]} 7. Nxf6+ {[%emt 0:01:04]} Bxf6 {[%emt 0:00:25]} 8. h4 {[%emt 0:00:56]} c5 {[%emt 0:00:15]} 9. dxc5 {[%emt 0:01:01]} h6 {[%emt 0:02:52]} 10. Bxf6 {[%emt 0:02:47]} Qxf6 {[%emt 0:00:01]} 11. Qd4 {[%emt 0:00:41]} Qxd4 {[%emt 0:00:38]} 12. Nxd4 {[%emt 0:00:06]} Nxc5 {[%emt 0:00:04]} 13. Rh3 {[%emt 0:00:06]} Bd7 {[%emt 0:07:46]} 14. Re3 {[%emt 0:16:40]} O-O {[%emt 0:19:32]} 15. O-O-O {[%emt 0:00:09]} Rfc8 {[%emt 0:02:20]} 16. g4 {[%emt 0:03:37]} g6 {[%emt 0:04:57]} 17. g5 {[%emt 0:03:53]} hxg5 {[%emt 0:12:38]} 18. hxg5 {[%emt 0:00:00]} Kf8 {[%emt 0:00:24]} 19. Nf3 {[%emt 0:01:28]} Bc6 {[%emt 0:06:36]} 20. Ne5 {[%emt 0:00:55]} Ke7 {[%emt 0:00:26]} 21. Be2 {[%emt 0:07:47]} Nd7 {[%emt 0:02:45]} 22. Nxc6+ {[%emt 0:04:22]} bxc6 {[%emt 0:03:33]} 23. Ba6 {[%emt 0:06:26]} Rcb8 {[%emt 0:07:41]} 24. Rc3 {[%emt 0:02:59]} Rb6 {[%emt 0:01:06]} 25. Bf1 {[%emt 0:00:06]} Rab8 {[%emt 0:04:22]} 26. b3 {[%emt 0:00:10]} Rh8 {[%emt 0:00:38]} 27. a4 {[%emt 0:00:09]} Nb8 {[%emt 0:07:02]} 28. Kb2 {[%emt 0:02:23]} Rh2 {[%emt 0:02:12]} 29. f3 {[%emt 0:02:22]} Rh1 {[%emt 0:02:33]} 30. f4 {[%emt 0:03:47]} Rb4 {[%emt 0:02:13]} 31. Rf3 {[%emt 0:00:06]} Re4 {[%emt 0:00:42]} 32. Rd2 {[%emt 0:00:10]} Rh4 {[%emt 0:01:21]} 33. Rdf2 {[%emt 0:01:14]} Nd7 {[%emt 0:01:15]} 34. Bg2 {[%emt 0:01:35]} c5 {[%emt 0:01:22]} 35. a5 {[%emt 0:01:20]} Rb4 {[%emt 0:07:50]} 36. Bf1 {[%emt 0:01:14]} e5 {[%emt 0:00:08]} 37. fxe5 {[%emt 0:02:23]} Nxe5 {[%emt 0:00:35]} 38. Rf6 {[%emt 0:00:04]} Rhg4 {[%emt 0:00:39]} 39. Ra6 {[%emt 0:01:51]} Rb7 {[%emt 0:00:42]} 40. Rg2 {[%emt 0:00:17]} Rf4 {[%emt 0:01:12]} 41. Be2 {[%emt 0:04:17]} f6 {[%emt 0:00:42]} 42. Rg3 {[%emt 0:02:30]} Rf5 {[%emt 0:00:38]} 43. Re3 {[%emt 0:00:10]} Rxg5 {[%emt 0:00:17]} 44. Rh3 {[%emt 0:00:04]} Kf8 {[%emt 0:00:16]} 45. Rh8+ {[%emt 0:00:18]} Kg7 {[%emt 0:00:38]} 46. Ra8 {[%emt 0:00:05]} Rg2 {[%emt 0:00:52]} 47. R8xa7 {[%emt 0:00:07]} Rxa7 {[%emt 0:00:00]} 48. Rxa7+ {[%emt 0:00:00]} Kh6 {[%emt 0:00:14]} 49. Bb5 {[%emt 0:00:10]} g5 {[%emt 0:01:16]} 50. a6 {[%emt 0:00:08]} Rd2 {[%emt 0:00:24]} 51. Ra8 {[%emt 0:00:04]} 1-0

[Event "Eurasia Open Cup 2018"]
[Site "Jekaterienburg"]
[Date "2018.08.03"]
[Round "3"]
[White "Tsydypov, Zhamsaran"]
[Black "Zasukhin, Vadim"]
[Result "1-0"]
[WhiteElo "2514"]
[BlackElo "2252"]
[Annotator "ChessBase"]
[PlyCount "47"]
[EventDate "2018.08.01"]
[EventType "swiss"]
[EventCountry "RUS"]
[SourceTitle "playchess.com"]
[Source "ChessBase"]
[SourceQuality "1"]
[TimeControl "5400+30"]

1. e4 {[%emt 0:00:42]} e6 {[%emt 0:00:00]} 2. d4 {[%emt 0:00:00]} d5 {[%emt 0:00:00]} 3. e5 {[%emt 0:00:21]} c5 {[%emt 0:00:00]} 4. c3 {[%emt 0:00:05]} Qb6 {[%emt 0:00:00]} 5. Nf3 {[%emt 0:01:08]} Nc6 {[%emt 0:00:12]} 6. Be2 {[%emt 0:00:31]} cxd4 {[%emt 0:00:38]} 7. cxd4 {[%emt 0:00:00]} Nh6 {[%emt 0:00:27]} 8. Bxh6 {[%emt 0:00:09]} Qxb2 {[%emt 0:00:00]} 9. Nc3 {[%emt 0:00:29]} Qxc3+ {[%emt 0:01:02]} 10. Bd2 {[%emt 0:00:36]} Qb2 {[%emt 0:02:33]} 11. O-O {[%emt 0:00:39]} a6 {[%emt 0:00:27]} 12. Rb1 {[%emt 0:06:07]} Qxa2 {[%emt 0:13:55]} 13. Bd3 {[%emt 0:05:38]} Qa3 {[%emt 0:01:14]} 14. Qc2 {[%emt 0:04:09]} Qe7 {[%emt 0:07:53]} 15. Bxh7 {[%emt 0:20:54]} g6 {[%emt 0:04:00]} 16. Ng5 {[%emt 0:00:54]} Kd7 {[%emt 0:12:49]} 17. Rfc1 {[%emt 0:03:47]} Kd8 {[%emt 0:20:27]} 18. Rb6 {[%emt 0:07:54]} Ra7 {[%emt 0:08:34]} 19. Ba5 {[%emt 0:05:26]} Ke8 {[%emt 0:07:59]} 20. Nxf7 {[%emt 0:00:32]} Qh4 {[%emt 0:04:21]} 21. Qxg6 {[%emt 0:00:30]} Kd7 {[%emt 0:05:13]} 22. Nxh8 {[%emt 0:00:00]} Qf4 {[%emt 0:03:32]} 23. Qc2 {[%emt 0:00:30]} Bh6 {[%emt 0:00:41]} 24. Rxc6 {[%emt 0:00:09]} 1-0

[Event "Eurasia Open Cup 2018"]
[Site "Jekaterienburg"]
[Date "2018.08.03"]
[Round "3"]
[White "Kabanov, Nikolai"]
[Black "Isanzhulov, Arystan"]
[Result "1-0"]
[WhiteElo "2475"]
[BlackElo "2146"]
[Annotator "TA"]
[PlyCount "49"]
[EventDate "2018.08.01"]
[EventType "swiss"]
[EventCountry "RUS"]
[SourceTitle "playchess.com"]
[Source "ChessBase"]
[SourceQuality "1"]

{[%evp 22,49,41,50,53,55,71,79,76,80,84,62,84,85,71,95,77,99,183,187,208,196,479,479,464,458,489,496,804,793]} 1. d4 Nf6 2. Nf3 d6 3. Nc3 Nbd7 4. e4 e5 5. Bc4 Be7 6. O-O O-O 7. a4 a5 8. Re1 c6 9. Ba2 Qc7 10. h3 exd4 {C41: Philidor Defence} (10... b6 11. Bg5 h6 12. Bh4 Re8 13. Bg3 Ba6 14. Nh4 Nf8 15. Nf5 Ng6 16. h4 h5 17. Qd2 exd4 18. Qg5 {1-0 (33) Wei,Y (2638)-Indjic,A (2539) Tromsoe 2014}) 11. Nxd4 Nc5 12. Bf4 {LiveBook: 6 Games} Ne6 {White is slightly better.} 13. Bh2 Nxd4 14. Qxd4 Nd7 15. Rad1 {[%cal Rh2d6]} Ne5 16. f4 Nd7 $146 ({Predecessor:} 16... Ng6 17. Kh1 Re8 18. f5 {1-0 (26) Kanarek,M (2471)-Stoma,P (2326) Warsaw 2014}) 17. Kh1 Qb6 18. Qxb6 Nxb6 19. f5 $36 {[%mdl 2048] Black is under strong pressure.} d5 {[#]} (19... Re8 $16 {is a better defense.}) 20. Bg1 $1 $18 {[%cal Rg1b6]} Ra6 21. exd5 {[%cal Be4d5,Bd5d6][%mdl 32]} Bb4 $2 (21... Bh4) 22. Bxb6 {White is clearly winning.} Rxb6 {[#]} 23. d6 $1 Bd7 24. Re7 Be8 (24... Bxf5 $142 25. Rxf7 Rxf7) 25. Ne4 {Precision: White = 97%, Black = 32%.} 1-0

[Event "Eurasia Open Cup 2018"]
[Site "Jekaterienburg"]
[Date "2018.08.03"]
[Round "3"]
[White "Fakhrutdinov, Timur"]
[Black "Yuferev, Oleg"]
[Result "1-0"]
[WhiteElo "2463"]
[BlackElo "2223"]
[Annotator "ChessBase"]
[PlyCount "121"]
[EventDate "2018.08.01"]
[EventType "swiss"]
[EventCountry "RUS"]
[SourceTitle "playchess.com"]
[Source "ChessBase"]
[SourceQuality "1"]
[TimeControl "5400+30"]

1. e4 {[%emt 0:00:00]} e6 {[%emt 0:00:13]} 2. d4 {[%emt 0:00:05]} d5 {[%emt 0:00:06]} 3. Nc3 {[%emt 0:00:05]} Bb4 {[%emt 0:00:09]} 4. e5 {[%emt 0:00:07]} Ne7 {[%emt 0:00:08]} 5. a3 {[%emt 0:00:09]} Bxc3+ {[%emt 0:00:08]} 6. bxc3 {[%emt 0:00:04]} b6 {[%emt 0:00:09]} 7. Qg4 {[%emt 0:00:20]} Ng6 {[%emt 0:00:10]} 8. h4 {[%emt 0:00:29]} h5 {[%emt 0:00:07]} 9. Qg3 {[%emt 0:00:12]} Ba6 {[%emt 0:00:08]} 10. Bg5 {[%emt 0:02:07]} Qd7 {[%emt 0:00:29]} 11. Bxa6 {[%emt 0:00:28]} Nxa6 {[%emt 0:00:04]} 12. Ne2 {[%emt 0:00:53]} Qa4 {[%emt 0:07:07]} 13. O-O {[%emt 0:04:18]} Qxc2 {[%emt 0:06:40]} 14. Qe3 {[%emt 0:00:56]} Ne7 {[%emt 0:11:25]} 15. Rac1 {[%emt 0:08:00]} Qa4 {[%emt 0:23:15]} 16. Bxe7 {[%emt 0:05:37]} Kxe7 {[%emt 0:00:05]} 17. Qg5+ {[%emt 0:00:25]} Kd7 {[%emt 0:05:59]} 18. Qxg7 {[%emt 0:00:47]} Raf8 {[%emt 0:00:05]} 19. Nf4 {[%emt 0:04:05]} Ke8 {[%emt 0:08:24]} 20. Nh3 {[%emt 0:07:41]} Rfg8 {[%emt 0:08:48]} 21. Qf6 {[%emt 0:00:48]} Qd7 {[%emt 0:03:11]} 22. Ng5 {[%emt 0:00:52]} Qe7 {[%emt 0:00:26]} 23. Qf3 {[%emt 0:00:51]} b5 {[%emt 0:02:25]} 24. Qd3 {[%emt 0:03:10]} c6 {[%emt 0:00:08]} 25. f4 {[%emt 0:00:18]} Nc7 {[%emt 0:00:54]} 26. f5 {[%emt 0:00:25]} exf5 {[%emt 0:06:14]} 27. Rxf5 {[%emt 0:00:00]} Rxg5 {[%emt 0:02:33]} 28. hxg5 {[%emt 0:00:59]} Ne6 {[%emt 0:00:07]} 29. Rf6 {[%emt 0:04:09]} Nxg5 {[%emt 0:00:15]} 30. Rxc6 {[%emt 0:07:42]} Qb7 {[%emt 0:00:07]} 31. Rf6 {[%emt 0:05:15]} Ne4 {[%emt 0:02:27]} 32. Rf4 {[%emt 0:00:08]} Qc6 {[%emt 0:01:02]} 33. Rcf1 {[%emt 0:01:31]} h4 {[%emt 0:04:01]} 34. Rg4 {[%emt 0:06:07]} a6 {[%emt 0:01:52]} 35. Qh3 {[%emt 0:02:12]} Qxc3 {[%emt 0:07:39]} 36. Qxc3 {[%emt 0:00:37]} Nxc3 {[%emt 0:00:02]} 37. Kh2 {[%emt 0:01:29]} Ne4 {[%emt 0:00:43]} 38. Rg7 {[%emt 0:03:20]} Rf8 {[%emt 0:00:07]} 39. Rh7 {[%emt 0:00:19]} Ng5 {[%emt 0:01:08]} 40. Rxh4 {[%emt 0:01:45]} Ne6 {[%emt 0:00:16]} 41. Rb1 {[%emt 0:04:17]} Ke7 {[%emt 0:00:44]} 42. a4 {[%emt 0:01:00]} Rb8 {[%emt 0:00:08]} 43. Rb4 {[%emt 0:01:17]} Kd7 {[%emt 0:00:52]} 44. Rh7 {[%emt 0:00:45]} Ke7 {[%emt 0:00:30]} 45. Rh3 {[%emt 0:00:40]} Nc7 {[%emt 0:00:21]} 46. Rc3 {[%emt 0:03:33]} Kd7 {[%emt 0:00:39]} 47. Rc5 {[%emt 0:00:25]} Rh8+ {[%emt 0:00:25]} 48. Kg3 {[%emt 0:00:32]} Rh1 {[%emt 0:00:14]} 49. axb5 {[%emt 0:00:26]} axb5 {[%emt 0:00:06]} 50. Rb2 {[%emt 0:00:19]} Rd1 {[%emt 0:00:29]} 51. Rf2 {[%emt 0:01:42]} Rd3+ {[%emt 0:00:25]} 52. Kh2 {[%emt 0:00:22]} Ne6 {[%emt 0:00:17]} 53. Rxd5+ {[%emt 0:00:06]} Ke7 {[%emt 0:00:03]} 54. Rxb5 {[%emt 0:00:20]} Nxd4 {[%emt 0:00:28]} 55. Rb7+ {[%emt 0:00:15]} Ke6 {[%emt 0:00:06]} 56. Rbxf7 {[%emt 0:00:15]} Kxe5 {[%emt 0:00:06]} 57. Re7+ {[%emt 0:00:13]} Kd6 {[%emt 0:00:09]} 58. Re8 {[%emt 0:00:26]} Kd7 {[%emt 0:00:57]} 59. Re4 {[%emt 0:00:17]} Kd6 {[%emt 0:01:06]} 60. Rf8 {[%emt 0:00:12]} Kd5 {[%emt 0:00:14]} 61. Rxd4+ {[%emt 0:00:49]} 1-0

[Event "Eurasia Open Cup 2018"]
[Site "Jekaterienburg"]
[Date "2018.08.03"]
[Round "3"]
[White "Kozionov, Kirill"]
[Black "Artemiev, Vladislav"]
[Result "1/2-1/2"]
[WhiteElo "2461"]
[BlackElo "2702"]
[Annotator "TA"]
[PlyCount "108"]
[EventDate "2018.08.01"]
[EventType "swiss"]
[EventCountry "RUS"]
[SourceTitle "playchess.com"]
[Source "ChessBase"]
[SourceQuality "1"]

{[%evp 30,108,16,0,9,0,0,0,0,-14,0,0,0,0,0,0,0,0,0,0,0,0,31,-24,-24,-24,-24,-26,-24,-28,0,0,0,0,0,0,0,0,0,0,0,0,0,0,0,0,0,0,0,0,0,0,0,0,0,0,0,0,0,0,0,0,0,0,0,0,0,0,0,0,0,0,0,0,0,0,0,0,0,0,0]} 1. d4 Nf6 2. Nf3 g6 3. Nbd2 c5 4. dxc5 Qa5 5. a3 Qxc5 6. b4 Qc3 7. Rb1 Bg7 8. Bb2 Qc7 9. e3 O-O 10. c4 b6 11. Be2 Bb7 12. O-O d6 13. Qb3 Nbd7 14. Rbc1 Rac8 15. Rfd1 Qb8 {A48: 1 d4 Nf6 2 Nf3 g6: Torre, London and Colle Systems} 16. h3 {LiveBook: 5 Games} (16. Nb1 Ne4 17. Bxg7 Kxg7 18. Nfd2 Ndf6 19. Nxe4 Bxe4 20. Nc3 Bc6 21. Bf1 Rc7 22. f3 Qc8 23. e4 {0-1 (65) Aleksandrov,A (2589)-McShane,L (2640) Katowice 2017}) 16... Qa8 17. Rc2 Rc7 18. Rdc1 Rfc8 {[#]} 19. Ne1 $146 ({Predecessor:} 19. Bf1 Ne4 20. Bxg7 Kxg7 21. Nb1 Kg8 22. Qb2 Nef6 23. Nfd2 {1-0 (56) Morovic Fernandez,I (2535)-Gomez Sanchez,J (2430) Matanzas 2017}) 19... a6 20. Bf3 Ne4 21. Bxg7 Kxg7 22. Nxe4 Bxe4 23. Rc3 Ne5 {[%cal Re4f3]} 24. Be2 a5 25. f3 Bf5 26. Nd3 ({White should try} 26. g4 $14 Be6 27. f4) 26... Bxd3 $11 27. Bxd3 axb4 28. axb4 d5 29. Bf1 dxc4 30. Qb2 {The position is equal.} f6 31. f4 {Hoping for Ra3.} Nf7 {Strongly threatening ...b5.} 32. Rxc4 Rxc4 33. Rxc4 Rxc4 (33... Rd8 {is more complex.} 34. Be2 Rd7 35. Bg4 b5 36. Rc3 Ra7) 34. Bxc4 Nd6 35. Bd3 Qd5 36. Qc3 h5 37. Kf2 Ne4+ 38. Bxe4 $1 Qxe4 {[%mdl 4096] Endgame KQ-KQ} 39. b5 Kf7 40. Qc7 Qe6 41. Qb7 g5 42. fxg5 fxg5 43. Qf3+ Kg6 44. Qc6 Kf6 45. Qe8 Qf5+ 46. Ke2 Qc2+ 47. Kf3 Qf5+ (47... g4+ {is interesting.} 48. hxg4 Qd1+ 49. Kf2 Qd2+ 50. Kf1 Qd3+) 48. Ke2 Qc5 49. Kf3 Qd5+ 50. Kf2 h4 51. Qf8+ Ke6 52. Qh6+ Kf5 53. Qxb6 {aiming for e4+!} Qd2+ 54. Kf1 {And now Qc5+ would win.} Qd1+ {Precision: White = 81%, Black = 80%.} 1/2-1/2